000 00207 a2200097 4500
001 38668
100 _aHanda M
245 _aGate
260 _aLahore
_bSang-e-Meel Publishers
_c1995
090 _c24517
_d24517
942 _aNUST-CAE
_cM
_c16133
999 _c273741
_d273741